[Event "Tom Weston Major op"]
[Site "Cardiff"]
[Date "2018.03.30"]
[Round "2"]
[White "Christmas, Steve"]
[Black "Hurn, Robert AJ"]
[Result "1/2-1/2"]
[WhiteElo "1841"]
[BlackElo "1593"]
[PlyCount "82"]
[EventDate "2018.03.30"]
[EventType "swiss"]
[EventRounds "7"]
[EventCountry "WLS"]
[SourceTitle "EXT 2020"]
[Source "ChessBase"]
[SourceDate "2019.10.17"]
[SourceVersion "1"]
[SourceVersionDate "2019.10.17"]
[SourceQuality "1"]

1. d4 Nf6 2. c3 g6 3. Bf4 Bg7 4. Nf3 0-0 5. Nbd2 d6 6. e3 Nbd7 7. Bc4 b6 8. 0-0 Bb7 9. Re1 h6 10. h3 Ne4 11. Nxe4 Bxe4 12. Nd2 Bb7 13. Qc2 e5 14. dxe5 d5 15. Bb3 Nxe5 16. Rad1 Qf6 17. Bxe5 Qxe5 18. Nf3 Qe4 19. Qxe4 dxe4 20. Nh4 Kh7 21. g3 Bc6 22. Rd2 Be5 23. Red1 Bd6 24. Ng2 g5 25. Bd5 Bxd5 26. Rxd5 f5 27. h4 Kg6 28. Kf1 Rad8 29. Ke2 Kf6 30. a4 Be7 31. hxg5+ hxg5 32. Rd7 Rxd7 33. Rxd7 Bd6 34. Rh7 Rg8 35. Rh6+ Rg6 36. Rh8 a5 37. Rh5 Bf8 38. Ne1 Rh6 39. Rxh6+ Bxh6 40. Nc2 Bf8 41. Nd4 c5 1/2-1/2

[Event "Tom Weston Major op"]
[Site "Cardiff"]
[Date "2016.03.28"]
[Round "7"]
[White "Christmas, Steve"]
[Black "Probert, Malcolm"]
[Result "1-0"]
[WhiteElo "1923"]
[BlackElo "1641"]
[PlyCount "61"]
[EventDate "2016.03.25"]
[EventType "swiss"]
[EventRounds "7"]
[EventCountry "WLS"]
[SourceTitle "EXT 2018"]
[Source "ChessBase"]
[SourceDate "2017.10.13"]
[SourceVersion "1"]
[SourceVersionDate "2017.10.13"]
[SourceQuality "1"]

1. d4 e6 2. Nf3 c5 3. c3 cxd4 4. cxd4 d5 5. Nc3 Nc6 6. Bf4 Nf6 7. e3 a6 8. Be2 b5 9. 0-0 Bb7 10. Rc1 Rc8 11. h3 Bd6 12. Bh2 0-0 13. Bd3 Qe7 14. Bb1 Rfd8 15. Re1 e5 16. dxe5 Nxe5 17. Nd4 Ne4 18. f4 Ng6 19. g3 Qd7 20. g4 Ne7 21. Rc2 g5 22. Rf1 Ng6 23. Nce2 h5 24. Nf5 Bc5 25. Ned4 hxg4 26. Qxg4 Bxd4 27. exd4 f6 28. fxg5 fxg5 29. Rg2 Qe6 30. h4 Nf6 31. Qxg5 1-0

[Event "East Glamorgan-ch"]
[Site "Cardiff"]
[Date "2014.09.13"]
[Round "1"]
[White "Kett, Timothy"]
[Black "Christmas, Steve"]
[Result "1-0"]
[WhiteElo "2360"]
[BlackElo "1941"]
[PlyCount "113"]
[EventDate "2014.09.13"]
[EventType "swiss"]
[EventRounds "5"]
[EventCountry "WLS"]
[SourceTitle "EXT 2016"]
[Source "ChessBase"]
[SourceDate "2015.10.08"]
[SourceVersion "1"]
[SourceVersionDate "2015.10.08"]
[SourceQuality "1"]

1. e4 c5 2. a3 e6 3. b4 cxb4 4. axb4 Bxb4 5. Qg4 Qf6 6. c3 Nc6 7. Nf3 Be7 8. d4 Qg6 9. Qf4 Qh6 10. Qxh6 Nxh6 11. d5 Nd8 12. Na3 exd5 13. Nb5 dxe4 14. Nc7+ Kf8 15. Nxa8 exf3 16. Rxa7 Nc6 17. Ra4 Bc5 18. Be3 Bxe3 19. fxe3 fxg2 20. Bxg2 g6 21. Nb6 Kg7 22. Ra8 Ne7 23. Ke2 Ng4 24. Nxc8 Rxc8 25. Rxc8 Nxc8 26. Bxb7 Ne7 27. e4 Kf6 28. Rf1+ Ke6 29. Bd5+ Nxd5 30. exd5+ Ke7 31. h3 Nf6 32. c4 Ne4 33. Ra1 f5 34. Ke3 h6 35. Ra7 Nc5 36. Kd4 Kd6 37. Ra8 Nb3+ 38. Kc3 Nc5 39. Rh8 Ke5 40. Rxh6 g5 41. Rh7 f4 42. Re7+ Kf6 43. Re8 d6 44. Kd4 Nb3+ 45. Kd3 Nc5+ 46. Ke2 Kf5 47. Kf3 Nd3 48. Rf8+ Kg6 49. Re8 Ne5+ 50. Ke4 Nxc4 51. Re6+ Kh5 52. Kd4 Ne3 53. Ke4 Nc4 54. Kd3 Nb2+ 55. Kd4 Kh4 56. Rxd6 Kxh3 57. Rh6+ 1-0